<?xml version="1.0" encoding="UTF-8"?>
<record
    xmlns:xsi="http://www.w3.org/2001/XMLSchema-instance"
    xsi:schemaLocation="http://www.loc.gov/MARC21/slim http://www.loc.gov/standards/marcxml/schema/MARC21slim.xsd"
    xmlns="http://www.loc.gov/MARC21/slim">

  <leader>00749nam a22001577a 4500</leader>
  <controlfield tag="003">OSt</controlfield>
  <controlfield tag="005">20150918103201.0</controlfield>
  <controlfield tag="008">150918b        xxu||||| |||| 00| 0 eng d</controlfield>
  <datafield tag="040" ind1=" " ind2=" ">
    <subfield code="c">RUA</subfield>
  </datafield>
  <datafield tag="082" ind1=" " ind2=" ">
    <subfield code="a">AGR PHO 2005 B032 Or.1</subfield>
  </datafield>
  <datafield tag="100" ind1=" " ind2=" ">
    <subfield code="9">738</subfield>
    <subfield code="a">PHON, SOPHEA</subfield>
  </datafield>
  <datafield tag="245" ind1=" " ind2=" ">
    <subfield code="a">Effect of mulching on yield of cultivar ts 64 (solanum melongena)at crop station in the royal university of agriculture, (&#x17A5;&#x1791;&#x17D2;&#x1792;&#x17B7;&#x1796;&#x179B;&#x1782;&#x17C6;&#x179A;&#x1794;&#x1794;&#x17D2;&#x179B;&#x17B6;&#x179F;&#x17D2;&#x1791;&#x17B7;&#x1785;&#x1791;&#x17C5;&#x179B;&#x17BE;&#x1791;&#x17B7;&#x1793;&#x17D2;&#x1793;&#x1795;&#x179B;&#x1793;&#x17C3;&#x178A;&#x17C6;&#x178E;&#x17B6;&#x17C6;&#x178F;&#x17D2;&#x179A;&#x1794;&#x17CB;&#x179C;&#x17C2;&#x1784;&#x1793;&#x17C5;&#x179F;&#x17D2;&#x1790;&#x17B6;&#x1793;&#x17B8;&#x1799;&#x17CF;&#x178A;&#x17C6;&#x178E;&#x17B6;&#x17C6;&#x179F;&#x17B6;&#x1780;&#x179B;&#x179C;&#x17B7;&#x1791;&#x17D2;&#x1799;&#x17B6;&#x179B;&#x17D0;&#x1799;&#x1797;&#x17BC;&#x1798;&#x17B7;&#x1793;&#x17D2;&#x1791;&#x1780;&#x179F;&#x17B7;&#x1780;&#x1798;&#x17D2;&#x1798;)</subfield>
  </datafield>
  <datafield tag="260" ind1=" " ind2=" ">
    <subfield code="a">Phnom Penh</subfield>
    <subfield code="b">RUA</subfield>
    <subfield code="c">2005</subfield>
  </datafield>
  <datafield tag="300" ind1=" " ind2=" ">
    <subfield code="a">xiii, 53p.</subfield>
    <subfield code="b">ill.</subfield>
    <subfield code="c">29cm.</subfield>
  </datafield>
  <datafield tag="942" ind1=" " ind2=" ">
    <subfield code="2">ddc</subfield>
    <subfield code="c">AGR</subfield>
  </datafield>
  <datafield tag="999" ind1=" " ind2=" ">
    <subfield code="c">709</subfield>
    <subfield code="d">709</subfield>
  </datafield>
  <datafield tag="952" ind1=" " ind2=" ">
    <subfield code="0">0</subfield>
    <subfield code="1">0</subfield>
    <subfield code="2">ddc</subfield>
    <subfield code="4">0</subfield>
    <subfield code="6">AGR_PHO_2005_000000000000000_B032_OR_1</subfield>
    <subfield code="7">0</subfield>
    <subfield code="9">2980</subfield>
    <subfield code="a">LBB</subfield>
    <subfield code="b">LBB</subfield>
    <subfield code="c">B032</subfield>
    <subfield code="d">2015-09-18</subfield>
    <subfield code="l">5</subfield>
    <subfield code="o">AGR PHO 2005 B032 Or.1</subfield>
    <subfield code="p">RUA002442</subfield>
    <subfield code="q">2020-09-15</subfield>
    <subfield code="r">2020-08-11</subfield>
    <subfield code="s">2020-08-11</subfield>
    <subfield code="w">2015-09-18</subfield>
    <subfield code="y">AGR</subfield>
  </datafield>
  <datafield tag="952" ind1=" " ind2=" ">
    <subfield code="0">0</subfield>
    <subfield code="1">0</subfield>
    <subfield code="2">ddc</subfield>
    <subfield code="4">0</subfield>
    <subfield code="6">AGR_PHO_2005_000000000000000_B032_OR_2</subfield>
    <subfield code="7">0</subfield>
    <subfield code="9">2981</subfield>
    <subfield code="a">LBB</subfield>
    <subfield code="b">LBB</subfield>
    <subfield code="c">B032</subfield>
    <subfield code="d">2015-09-18</subfield>
    <subfield code="l">2</subfield>
    <subfield code="o">AGR PHO 2005 B032 Or.2</subfield>
    <subfield code="p">RUA002846</subfield>
    <subfield code="r">2020-06-08</subfield>
    <subfield code="s">2020-03-13</subfield>
    <subfield code="w">2015-09-18</subfield>
    <subfield code="y">AGR</subfield>
  </datafield>
  <datafield tag="952" ind1=" " ind2=" ">
    <subfield code="0">0</subfield>
    <subfield code="1">0</subfield>
    <subfield code="2">ddc</subfield>
    <subfield code="4">0</subfield>
    <subfield code="6">AGR_PHO_2005_000000000000000_B032_OR_3</subfield>
    <subfield code="7">0</subfield>
    <subfield code="9">13730</subfield>
    <subfield code="a">LBB</subfield>
    <subfield code="b">LBB</subfield>
    <subfield code="d">2015-10-28</subfield>
    <subfield code="l">10</subfield>
    <subfield code="m">1</subfield>
    <subfield code="o">AGR PHO 2005 B032 Or.3</subfield>
    <subfield code="p">RUA012329</subfield>
    <subfield code="r">2018-10-16</subfield>
    <subfield code="s">2018-10-02</subfield>
    <subfield code="w">2015-10-28</subfield>
    <subfield code="y">AGR</subfield>
  </datafield>
  <datafield tag="952" ind1=" " ind2=" ">
    <subfield code="0">0</subfield>
    <subfield code="1">0</subfield>
    <subfield code="2">ddc</subfield>
    <subfield code="4">0</subfield>
    <subfield code="6">AGR_PHO_2005_000000000000000_B032_OR_4</subfield>
    <subfield code="7">0</subfield>
    <subfield code="9">45672</subfield>
    <subfield code="a">LBB</subfield>
    <subfield code="b">LBB</subfield>
    <subfield code="d">2016-05-18</subfield>
    <subfield code="l">6</subfield>
    <subfield code="o">AGR PHO 2005 B032 Or.4</subfield>
    <subfield code="p">RUA001080</subfield>
    <subfield code="q">2018-05-21</subfield>
    <subfield code="r">2018-04-30</subfield>
    <subfield code="s">2018-04-30</subfield>
    <subfield code="w">2016-05-18</subfield>
    <subfield code="y">AGR</subfield>
  </datafield>
  <datafield tag="952" ind1=" " ind2=" ">
    <subfield code="0">0</subfield>
    <subfield code="1">0</subfield>
    <subfield code="2">ddc</subfield>
    <subfield code="4">0</subfield>
    <subfield code="6">AGR_PHO_2005_000000000000000_B032_OR_5</subfield>
    <subfield code="7">0</subfield>
    <subfield code="9">58361</subfield>
    <subfield code="a">LBC</subfield>
    <subfield code="b">LBC</subfield>
    <subfield code="d">2016-12-13</subfield>
    <subfield code="l">13</subfield>
    <subfield code="o">AGR PHO 2005 B032 Or.5</subfield>
    <subfield code="p">A04622</subfield>
    <subfield code="r">2024-07-15</subfield>
    <subfield code="s">2024-07-01</subfield>
    <subfield code="w">2016-12-13</subfield>
    <subfield code="y">AGR</subfield>
  </datafield>
</record>
